Dictionary of pharmacy / (Record no. 27826)
[ view plain ]
| 000 -LEADER | |
|---|---|
| fixed length control field | 01082cam a22003134a 4500 |
| 001 - CONTROL NUMBER | |
| control field | 27826 |
| 003 - CONTROL NUMBER IDENTIFIER | |
| rucl marc code | BD-RjUL |
| 005 - DATE AND TIME OF LATEST TRANSACTION | |
| control field | 20211209051216.0 |
| 008 - FIXED-LENGTH DATA ELEMENTS--GENERAL INFORMATION | |
| fixed length control field | 140327s2010 ii d 000 0 eng |
| 020 ## - INTERNATIONAL STANDARD BOOK NUMBER | |
| International Standard Book Number | 9788123918082 |
| 035 ## - SYSTEM CONTROL NUMBER | |
| System control number | (DNLM)101204680 |
| -- | (BD-RjUL)27905 |
| 040 ## - CATALOGING SOURCE | |
| Original cataloging agency | DNLM/DLC |
| Transcribing agency | DLC |
| Modifying agency | DLC |
| -- | BD-RjUL |
| Language of cataloging | eng |
| 041 ## - LANGUAGE CODE | |
| Language code of text/sound track or separate title | eng |
| 060 10 - NATIONAL LIBRARY OF MEDICINE CALL NUMBER | |
| Classification number | QV 13 |
| Item number | D55355 2004 |
| 082 00 - DEWEY DECIMAL CLASSIFICATION NUMBER | |
| Classification number | R 615.103 |
| Edition number | 22 |
| Author mark and year | JAD 2010 |
| 100 1# - MAIN ENTRY--PERSONAL NAME | |
| Personal name | Jarald,E. Edwin. |
| 9 (RLIN) | 85426 |
| 245 00 - TITLE STATEMENT | |
| Title | Dictionary of pharmacy / |
| Statement of responsibility, etc. | Jarald,E. Edwin. |
| 260 ## - PUBLICATION, DISTRIBUTION, ETC. (IMPRINT) | |
| Place of publication, distribution, etc. | New Delhi : |
| Name of publisher, distributor, etc. | CBS Publisher, |
| Date of publication, distribution, etc. | c2010. |
| 300 ## - PHYSICAL DESCRIPTION | |
| Pagination | 243 p. ; |
| Size | 19 cm. |
| 650 #0 - SUBJECT ADDED ENTRY--TOPICAL TERM | |
| Topical term or geographic name as entry element | Pharmacy |
| Form subdivision | Dictionaries. |
| 9 (RLIN) | 85408 |
| Topical term or geographic name as entry element | Pharmacy |
| Form subdivision | Dictionary |
| General subdivision | English. |
| 9 (RLIN) | 85409 |
| Topical term or geographic name as entry element | Pharmacology |
| Form subdivision | Dictionary |
| General subdivision | English. |
| 9 (RLIN) | 85410 |
| 700 1# - ADDED ENTRY--PERSONAL NAME | |
| Personal name | Jarald, Sheeja Edwin. |
| 830 #0 - SERIES ADDED ENTRY--UNIFORM TITLE | |
| Uniform title | Pharmaceutical heritage. |
| 856 41 - ELECTRONIC LOCATION AND ACCESS | |
| Materials specified | Table of contents |
| Uniform Resource Identifier | <a href="http://www.loc.gov/catdir/toc/ecip0414/2004001894.html">http://www.loc.gov/catdir/toc/ecip0414/2004001894.html</a> |
| Materials specified | Publisher description |
| Uniform Resource Identifier | <a href="http://www.loc.gov/catdir/enhancements/fy0810/2004001894-d.html">http://www.loc.gov/catdir/enhancements/fy0810/2004001894-d.html</a> |
| 942 ## - ADDED ENTRY ELEMENTS (KOHA) | |
| Source of classification or shelving scheme | Dewey Decimal Classification |
| Koha item type | Reference |
| Lost status | Source of classification or shelving scheme | Damaged status | Not for loan | Collection code | Permanent Location | Current Location | Shelving location | Date acquired | Source of acquisition | Cost, normal purchase price | Total Checkouts | Full call number | Date last seen | Copy number | Koha item type |
|---|---|---|---|---|---|---|---|---|---|---|---|---|---|---|---|
| Dewey Decimal Classification | Added to bundle | Reference | Central Library, University of Rajshahi | Central Library, University of Rajshahi | 19/03/2014 | Paragon Enterprise,Dhaka. | 287.00 | R 615.103 JAD 2010 | 27/03/2014 | C-1 | Reference |